00595nam a2200169 a 450000100100000000500170001000800410002704000250006808200150009310000370010824500660014526000450021130000300025604900090028695201130029599900170040800002815920200930031411.0110407s1988 dr c 000 0 spa d aDO-SdBNPbspacBNPHU axxxbA742c1 aArnáiz, Francisco José9696010aCardenal Octavio A. Beras Rojas /cFrancisco José Arnáiz. aSanto Domingo :bAmigo del Hogar,c1988. a27 p. :bretrs. ;c24 cm. aBNPD 0010718PDaPDbPDcCTd2011-04-07iLF1l0oxxx A742cp28159-10r2020-06-25w2020-06-25yLFPDZNo se presta c27651d27651